LEADER 01271nam0 22002891i 450 001 UON00499030 005 20231205105406.222 010 $a978-88-604-4382-3 100 $a20191028d2015 |0itac50 ba 101 $aita 102 $aIT 105 $a|||| ||||| 200 1 $aTesto tossico$eSesso, droghe e biopolitiche nell'era farmacopornografica$fPaul B. Preciado$etraduzione di Elena Rafanelli 210 $aRoma$cFandango$d2015 215 $a430 p.$d23 cm. 410 1$1001UON00435313$12001 $aFandango Libri$1210 $aRoma$cFandango$v60 606 $aGENERE UMANO$xAspetti sociali$3UONC096012$2FI 620 $aIT$dRoma$3UONL000004 700 1$aPRECIADO$bPaul B.$3UONV243371$0769255 712 $aFandango$3UONV271071$4650 801 $aIT$bSOL$c20240220$gRICA 899 $aSIBA - SISTEMA BIBLIOTECARIO DI ATENEO$2UONSI 912 $aUON00499030 950 $aSIBA - SISTEMA BIBLIOTECARIO DI ATENEO$dSI AME VI c 2.70 0782 $eSI 33619 5 0782 $sBuono 951 $aSIBA - SISTEMA BIBLIOTECARIO DI ATENEO$bSI20191012 1J 20191028 996 $aTesto tossico$91567962 997 $aUNIOR